|
|
|
|
| LEADER |
00000nam a2200000 a 4500 |
| 001 |
UCK9212 |
| 003 |
CL-VaPUC |
| 008 |
060421e20050000SP |||||||||||||||||spa|d |
| 020 |
|
|
|a 8430942947
|
| 082 |
0 |
4 |
|a 344.4601
|b BOR
|2 21
|
| 100 |
0 |
|
|a Borrajo Dacruz, Efrén
|e author
|9 498956
|
| 245 |
1 |
0 |
|a Introducción al derecho del trabajo
|
| 250 |
|
|
|a 14a. ed
|
| 300 |
|
|
|a 370 p
|
| 942 |
|
|
|c BK
|
| 945 |
|
|
|d 20060421 00:00:00
|a jtorresc
|
| 260 |
|
|
|a Madrid
|b Tecnos
|c 2005
|
| 650 |
|
7 |
|a DERECHO LABORAL
|2 CL-VaPUC
|9 15
|
| 650 |
|
0 |
|a Naturaleza jurídica
|9 371885
|
| 650 |
|
0 |
|a Jurisprudencia
|9 255952
|
| 650 |
|
0 |
|a Contratos
|9 255153
|
| 650 |
|
0 |
|a Sindicatos
|9 255034
|
| 650 |
|
0 |
|a Teoría del derecho
|9 255982
|
| 650 |
|
0 |
|a Fuentes del derecho
|9 255162
|
| 583 |
|
|
|a last modification
|c 20170801 01:12:52
|k Rodrigo Vera
|
| 999 |
|
|
|c 316486
|d 316484
|
| 952 |
|
|
|0 0
|1 0
|4 0
|6 344_460100000000000_BOR_2005
|7 0
|8 A
|9 390884
|a BIBDER
|b BIBDER
|d 2019-11-22
|i 4223063
|o 344.4601 BOR 2005
|p 4223063
|r 2023-01-25
|w 2019-11-22
|y BK
|k DER
|